Statystyki dla Wszyscy zwycięzcy Mistrzostw Świata w koszykówce

Kliknij tutaj aby rozwiązać quiz!

Ogólne statystyki

  • Ten quiz został rozwiązany 51 razy
    (7 od ostatniego zresetowania)
  • Średni wynik to 15 z 19

Statystyki odpowiedzi

RokPaństwo% Poprawnych
1950Argentyna
100%
2023Niemcy
100%
1996Stany Zjednoczone
100%
1954Stany Zjednoczone
100%
2014Stany Zjednoczone
100%
2010Stany Zjednoczone
100%
1994Stany Zjednoczone
100%
1963Brazylia
83%
1959Brazylia
83%
2019Hiszpania
83%
2006Hiszpania
83%
1982Związek Radziecki
83%
1974Związek Radziecki
83%
1967Związek Radziecki
83%
1978Jugosławia
50%
1998Jugosławia
50%
2002Jugosławia
50%
1970Jugosławia
50%
1990Jugosławia
50%

Rozkład punktacji

Percentyl według liczby udzielonych odpowiedzi

Procent ludzi z każdym wynikiem

Twoja historia wyników

Nie rozwiązałeś tego quizu od ostatniego zresetowania